Fr. Conceicao Rodrigues College of Engineering

Advanced UNIX Programming (Record no. 20111)

MARC details
000 -LEADER
fixed length control field 00271nam a2200133Ia 4500
100 ## - MAIN ENTRY--PERSONAL NAME
Personal name Venkateswarlu/N.B
245 ## - TITLE STATEMENT
Title Advanced UNIX Programming
260 ## - PUBLICATION, DISTRIBUTION, ETC.
Name of publisher, distributor, etc. BS Publication
Date of publication, distribution, etc. 2005
300 ## - PHYSICAL DESCRIPTION
Extent 361
546 ## - LANGUAGE NOTE
Language note ENGLISH
650 ## - SUBJECT ADDED ENTRY--TOPICAL TERM
Topical term or geographic name entry element unix
942 ## - ADDED ENTRY ELEMENTS (KOHA)
Koha item type BOOK
Holdings
Withdrawn status Lost status Damaged status Not for loan Collection Home library Current library Date acquired Total Checkouts Full call number Barcode Date last seen Price effective from Koha item type
        CRC Fr. Agnel's C.Rodrigues College of Engineering Fr. Agnel's C.Rodrigues College of Engineering 17/03/2023   18098 17/03/2023   BOOK